| 000 | 01597cam a2200325 a 4500 | ||
|---|---|---|---|
| 001 | 15719199 | ||
| 005 | 20100301152010.0 | ||
| 008 | 090430s2010 caua |rb 001 0 eng | ||
| 010 | _a 2009015073 | ||
| 020 | _a9781412974912 (pbk.) | ||
| 020 | _a1412974917 (pbk.) | ||
| 035 | _a(OCoLC)ocn318878805 | ||
| 040 |
_aDLC _cDLC _dBTCTA _dYDXCP _dC#P _dMNW _dDLC |
||
| 050 | 0 | 0 |
_aHF5823 _b.A758 2010 |
| 082 | 0 | 0 |
_a659.1 _222 _bALT |
| 100 | 1 |
_aAltstiel, Tom. _912688 |
|
| 245 | 1 | 0 |
_aAdvertising Creative : _bStrategy, Copy + Design / _cTom Altstiel, Jean Grow. |
| 250 | _a2nd ed. | ||
| 260 |
_aLos Angeles : _bSAGE, 2010 _cc2010. |
||
| 300 |
_axx, 347 p. : _bill. (chiefly col.) ; _c28 cm. |
||
| 500 | _aRev. ed. of: Advertising strategy. c2006. | ||
| 504 | _aIncludes bibliographical references and index. | ||
| 505 | 0 | _aCopy, design, and creativity -- Before you get started -- Branding -- Strategy -- Issues in a changing marketplace -- Concepting -- Design -- Campaigns -- Headlines and taglines -- Body copy -- Print -- Electronic media -- Digital -- Direct marketing -- Beyond media -- Business-to-business -- Survival guide. | |
| 650 | 0 |
_aAdvertising. _912689 |
|
| 700 | 1 |
_aGrow, Jean. _912690 |
|
| 700 | 1 |
_aAltstiel, Tom. _tAdvertising strategy. _912691 |
|
| 942 |
_2ddc _cBB |
||
| 999 |
_c13683 _d13683 |
||